<?xml version="1.0" encoding="UTF-8"?>
<record
    xmlns:xsi="http://www.w3.org/2001/XMLSchema-instance"
    xsi:schemaLocation="http://www.loc.gov/MARC21/slim http://www.loc.gov/standards/marcxml/schema/MARC21slim.xsd"
    xmlns="http://www.loc.gov/MARC21/slim">

  <leader>00678nam a2200181Ia 4500</leader>
  <controlfield tag="008">100921s9999    xx            000 0 und d</controlfield>
  <datafield tag="082" ind1=" " ind2=" ">
    <subfield code="b">11604</subfield>
    <subfield code="a">808.068 &#x925; 72</subfield>
  </datafield>
  <datafield tag="100" ind1=" " ind2=" ">
    <subfield code="a">&#x922;&#x947;&#x930;&#x947; &#x905;&#x930;&#x942;&#x923;&#x93E;.</subfield>
  </datafield>
  <datafield tag="245" ind1=" " ind2=" ">
    <subfield code="a">&#x936;&#x940;&#x932; &#x939;&#x947; &#x915;&#x935;&#x91A; &#x91C;&#x940;&#x935;&#x928;&#x93E;&#x91A;&#x947;.</subfield>
  </datafield>
  <datafield tag="260" ind1=" " ind2=" ">
    <subfield code="b">&#x905;&#x930;&#x917;&#x921;&#x947; &#x915;&#x941;&#x932;&#x915;&#x930;&#x94D;&#x923;&#x940; &#x92A;&#x94D;&#x930;&#x915;&#x93E;&#x936;&#x928;,&#x92A;&#x941;&#x923;&#x947;.</subfield>
    <subfield code="c">1972</subfield>
  </datafield>
  <datafield tag="300" ind1=" " ind2=" ">
    <subfield code="a">67</subfield>
    <subfield code="b">---</subfield>
  </datafield>
  <datafield tag="365" ind1=" " ind2=" ">
    <subfield code="b">3.5</subfield>
  </datafield>
  <datafield tag="520" ind1=" " ind2=" ">
    <subfield code="a">&#x932;&#x932;&#x93F;&#x924;-&#x92C;&#x93E;&#x932;&#x935;&#x93E;&#x919;&#x94D;&#x930;&#x92E;&#x92F;.</subfield>
  </datafield>
  <datafield tag="630" ind1=" " ind2=" ">
    <subfield code="a">&#x936;&#x940;&#x932; &#x939;&#x947; &#x915;&#x935;&#x91A; &#x91C;&#x940;&#x935;&#x928;&#x93E;&#x91A;&#x947;.</subfield>
  </datafield>
  <datafield tag="650" ind1=" " ind2=" ">
    <subfield code="a">&#x932;&#x932;&#x93F;&#x924;-&#x92C;&#x93E;&#x932;&#x935;&#x93E;&#x919;&#x94D;&#x930;&#x92E;&#x92F;.</subfield>
  </datafield>
  <datafield tag="730" ind1=" " ind2=" ">
    <subfield code="a">&#x936;&#x940;&#x932; &#x939;&#x947; &#x915;&#x935;&#x91A; &#x91C;&#x940;&#x935;&#x928;&#x93E;&#x91A;&#x947;.</subfield>
  </datafield>
  <datafield tag="942" ind1=" " ind2=" ">
    <subfield code="c">BOOK</subfield>
  </datafield>
  <datafield tag="999" ind1=" " ind2=" ">
    <subfield code="c">760717</subfield>
    <subfield code="d">760714</subfield>
  </datafield>
  <datafield tag="952" ind1=" " ind2=" ">
    <subfield code="0">0</subfield>
    <subfield code="1">1</subfield>
    <subfield code="4">0</subfield>
    <subfield code="7">0</subfield>
    <subfield code="a">WAITILAKGS</subfield>
    <subfield code="b">WAITILAKGS</subfield>
    <subfield code="c">808.068 &#x925; 72</subfield>
    <subfield code="d">0000-00-00</subfield>
    <subfield code="g">3.50</subfield>
    <subfield code="l">0</subfield>
    <subfield code="p">WAITILAKGS-11604</subfield>
    <subfield code="r">2010-09-21 00:00:00</subfield>
    <subfield code="w">2010-09-21</subfield>
    <subfield code="y">BOOK</subfield>
    <subfield code="z">&#x917;&#x939;&#x93E;&#x933;</subfield>
  </datafield>
</record>
